000 00291nam a2200121Ia 4500
008 190216s9999||||xx |||||||||||||| ||und||
100 _aPatricia Butler Editor
245 0 _aHomage To The Great
260 _bOrient Longman
_c1974
300 _a162p
650 _aEnglish Essay
942 _cBK
999 _c12591
_d12591